| 000 | 00809 a2200277 4500 | ||
|---|---|---|---|
| 003 | OSt | ||
| 005 | 20180116192330.0 | ||
| 008 | 120209t xxu||||| |||| 00| 0 eng d | ||
| 010 | _a 79106701 | ||
| 020 | _a0070246653 | ||
| 040 | _c0 | ||
| 082 | 0 | 0 | _a152.14 |
| 100 | 1 | _aGregory, R. L. | |
| 245 | 1 | 0 |
_aEye and brain : _bthe psychology of seeing / _cR. L. Gregory. |
| 250 | _a3rd ed., rev. and updated. | ||
| 260 |
_aNew York : _bMcGraw-Hill, _c1978, c1977. |
||
| 300 |
_a256 p. : _bill. ; _c19 cm. |
||
| 490 | 0 | _aWorld university library | |
| 490 | 0 | _aMcGraw-Hill paperbacks | |
| 500 | _aIncludes index. | ||
| 650 | 0 | _aVisual perception. | |
| 650 | 0 | _aSize perception | |
| 650 | 0 | _aVision | |
| 942 |
_aSADA _cBK _k152.14 GRE 1978 _2ddc |
||
| 999 |
_c352315 _d352315 |
||